000 00508nam a2200181Ia 4500
001 21141
005 20260306172857.0
008 260306t2006||||xx |||||||||||||| ||spa||
041 _aESP
082 _a344C4
_bCH557
100 _aChirinos Soto, Francisco, 1932-
_eAUT
245 0 _aCódigo penal:
_bcomentado, concordado, anotado, sumillado, jurisprudencia, normas complementarias
260 _c2006
300 _a949 páginas :
_c25 cm.
650 _aGEN
654 _aCDE
942 _cLIB
_dJUS
_fJUS
_2ddc
_n
999 _c21141
_d21141